Review of soil research in India. (Record no. 21629)

MARC details
000 -LEADER
fixed length control field 00368nam a2200133Ia 4500
082 ## - DEWEY DECIMAL CLASSIFICATION NUMBER
Classification number 631.4:001.814(540)
Item number KAN
100 ## - MAIN ENTRY--AUTHOR NAME
Personal name KANWAR, J S
245 #0 - TITLE STATEMENT
Title Review of soil research in India.
260 ## - PUBLICATION, DISTRIBUTION, ETC. (IMPRINT)
Place of publication Delhi
Name of publisher Indian Society of Soilscience
Year of publication 1971
650 ## - SUBJECT ADDED ENTRY--TOPICAL TERM
Topical Term Soil testing
700 ## - ADDED ENTRY--PERSONAL NAME
Personal name RAYCHAUDHURI, S P
942 ## - ADDED ENTRY ELEMENTS (KOHA)
Koha item type Books
Holdings
Withdrawn status Lost status Damaged status Not for loan Home library Current library Date acquired Full call number Accession Number Koha item type
        RRII Library RRII Library 16/12/2021 631.4:001.814(540) KAN 02346 Books